000 00972nam a22002537a 4500
005 20170124103010.0
010 _aB-014381
020 _c100.00
_a8170434406
035 _aB-014381
037 _bCen Lib/Ret
040 _aDPL
_bHN
082 _a
_bआबिद
100 _aआबिद सुरती
_957285
245 _aचमत्कारी लड़की /
_cआबिद सुरती
246 _aChamatkari ladki /
_bby Abidi Surti
260 _aदिल्ली
_bआत्माराम एंड संस
_c2000
270 _bदिल्ली
_aकश्मीरी गेट
_e110006
300 _a112पृ.
_c20मी(सजिल्द)
650 _aहिन्दी साहित्य
_957286
650 _aहिन्दी साहित्य -- उपन्यास
_946379
650 _aHindi literature
_957287
650 _aHindi literature -- Fiction
_957288
942 _2ddc
_cHN
_h
_mआबिद
999 _c114552
_d114552